Pediatric nursing procedure: principles and practice: art of pediatric nursing

Saved in:
Bibliographic Details
Main Author: CORREIA, Cicilia
Format: Book
Language:English
Published: CBS Publishers 2017
Tags: Add Tag
No Tags, Be the first to tag this record!

MARC

LEADER 00000nam a22000007a 4500
008 211101b ||||| |||| 00| 0 eng d
020 |a 9789386310743 
100 |a CORREIA, Cicilia 
245 |a Pediatric nursing procedure: principles and practice: art of pediatric nursing  |c Cicilia Correia  |g xvi,344p.:ill. 
260 |b CBS Publishers  |c 2017  |h New Delhi  |i 697054  |i 697055  |l RJ245.C81  |m Pediatric Nursing  |m Evidence - Based Nursing  |m Infant  |m Child, Adolescent  |m Children--Hospital care 
500 |a It includes index 
942 |a lcc  |c BK  |e Kuteyi M. A.  |f 1/11/2021 
952 |0 0  |1 0  |2 lcc  |4 0  |6 RJ0245 C81  |7 0  |9 3797  |a HOL  |b HOL  |c QZ  |d 2021-11-01  |l 0  |o RJ245.C81  |p 2021-67529  |r 2021-11-01 00:00:00  |w 2021-11-01  |y BK 
952 |0 0  |1 0  |2 lcc  |4 0  |6 RJ0245 C81  |7 0  |9 3798  |a HOL  |b HE  |c QZ  |d 2021-11-01  |l 0  |o RJ245.C81  |p 2021-67530  |r 2021-11-01 00:00:00  |w 2021-11-01  |y BK 
999 |c 1897  |d 1897